Filmographie Agnès Varda - Statistiques

Statistiques générales
  • Ce quiz a été pris 41 fois
  • Le résultat moyen est 16 sur 51
Statistiques - réponses
date genre format réponse % Correct
1962 fiction long métrage Cléo de 5 à 7
93%
1985 fiction long métrage Sans toit ni loi
77%
2008 documentaire long métrage Les plages d'Agnès
73%
1965 fiction long métrage Le bonheur
70%
2000 documentaire long métrage Les glaneurs et la glaneuse
70%
1968 documentaire court métrage Black Panthers
60%
2017 documentaire long métrage Visages, villages
60%
1955 fiction long métrage la pointe courte
53%
1977 fiction long métrage L'une chante, l'autre pas
53%
1991 fiction long métrage Jacquot de Nantes
50%
1988 fiction long métrage Kung fu Master!
47%
1988 documentaire long métrage Jane B. par Agnès V.
43%
2019 documentaire long métrage Varda par Agnès
43%
1969 fiction long métrage Lions Love
40%
1981 fiction long métrage Documenteur
37%
1976 documentaire long métrage Daguerréotypes
33%
1995 fiction long métrage Les cent et une Nuits de Simon Cinéma
33%
1966 fiction long métrage Les Créatures
33%
1981 documentaire long métrage Mur Murs
30%
1967 documentaire court métrage Oncle Yanco
30%
1984 fiction court métrage 7p., cuis., s. de b., ... à saisir
27%
2011 documentaire mini-série Agnès de ci de là Varda
27%
1958 documentaire court métrage du côté de la côte
27%
1961 fiction court métrage Les fiancés du pont MacDonald
27%
1958 documentaire court métrage L'opéra Mouffe
27%
1995 documentaire long métrage L'univers de Jacques Demy
27%
1963 documentaire court métrage Salut les Cubains
27%
1958 documentaire court métrage la cocotte d'azur
23%
2015 fiction court métrage Les 3 boutons
23%
1993 documentaire long métrage Les demoiselles ont eu 25 ans
23%
2002 documentaire long métrage Les glaneurs et la glaneuse deux ans après
23%
1957 documentaire court métrage ô saisons, ô chateaux
23%
1976 fiction court métrage Plaisir d'amour en Iran
23%
2006 documentaire long métrage quelques veuves de Noirmoutier
23%
2004 documentaire court métrage Ydessa, les ours et etc.
23%
1966 documentaire court métrage Elsa la rose
20%
2003 fiction court métrage Le lion volatil
20%
1984 documentaire court métrage Les Dites Cariatides
17%
2005 documentaire court métrage Les dites cariatides bis
17%
1971 fiction long métrage Nausicaa
17%
1975 documentaire court métrage Réponse de femmes: Notre corps, notre sexe
17%
1982 documentaire court métrage Ulysse
17%
1967 documentaire long métrage Loin du Vietnam
13%
1986 documentaire court métrage T'as de beaux escaliers, tu sais
13%
2002 documentaire court métrage Hommage à Zgougou (et salut à Sabine Mamou)
10%
2008 documentaire court métrage La petite histoire de Gwen la bretonne
10%
2004 documentaire long métrage Cinévardaphoto
7%
1964 documentaire court métrage Les enfants du musée
7%
1983 documentaire court métrage Une minute pour une image
7%
2003 documentaire court métrage Histoire d'une vieille dame
3%
2005 documentaire court métrage La rue Daguerre en 2005
3%
Aucun quiz correspondant
Distribution des résultats
% des personnes avec chaque résultat
Percentile par nombre de réponses
Votre historique - résultats
Vous n’avez pas pris ce quiz